Quizzes
Events
Quiz Creation
Community
Videos
Private Events
Remove Ads
Sign In
Join for FREE
Feedback
Dark Mode
Quiz Categories
Sports
Geography
Music
Movies
Television
Just For Fun
Miscellaneous
History
Literature
Language
Science
Gaming
Entertainment
Religion
Holiday
For Kids
Quiz Lab
Recent
Popular Today
Quiz Kudos Today
Editor Picks
Curator Picks
Quizzes by...
Day
Popularity
Type
Ratings
Length
Year
Community
Subscriptions
Recent Discussions
Orange Saloon
Badges
Playlists
Quests
Create
Leaderboards
Showdown
Live 5
Trivia Bingo
Activity
Puzzle Library
Sporcle Events
Private Events
Virtual Trivia
Globe League
Become a Host
Pub Owners
SporcleCon
Opinionation
Our Games
Videos
Blog
Mobile Apps
Partnerships
Remove Ads and Go Orange
Feedback
Sports
Athletes
MLB
NBA
NHL
NFL
Soccer
Sports Teams
WWE
NCAA
Football
Premier League
Basketball
Baseball
Hockey
Golf
Tennis
Cricket
Rugby
Auto Racing
Olympics
World Cup
Sports
Athletes
MLB
NBA
NHL
NFL
Soccer
Sports Teams
WWE
NCAA
Football
Premier League
Basketball
Baseball
Hockey
Golf
Tennis
Cricket
Rugby
Auto Racing
Olympics
World Cup
Random Quiz
Search Sporcle
×
Quiz Lab
Quiz Lab
Sports
Notable
Type in answers that appear in a list
Type in answers that appear in a list
Classic
Best Score? Go Orange.
Royals alma maters Stats
Can you name the alma mater of these notable Royals players?
By
RoyalsRetro
6m
26 Questions
256 Plays
256 Plays
256 Plays
Comments
Comments
Give Quiz Kudos
Give Quiz Kudos
-
- Ratings
hide this ad
Replay
Link that replays current quiz
Next Quiz
Link to next quiz in quiz playlist
You Got
0%
They Got
Avg Score
38%
Avg Friend Score
Upgrade to see
Score Distribution
Jump to the score distribution portion of the page
Score
0/26
Timer
06:00
0
Plays Today
Hint
Answer
% Correct
Alex Gordon
Nebraska
95.6%
Aaron Crow
Missouri
85.9%
Bo Jackson
Auburn
80.7%
Brandon Finnegan
TCU
74.7%
Whit Merrifield
South Carolina
71.9%
Ian Kennedy
USC
63.2%
Chris Young
Princeton
63.1%
Jeremy Guthrie
Stanford
62.7%
Brett Eibner
Arkansas
61.2%
Bob Hamelin
UCLA
55.8%
Chris Getz
Michigan
43.4%
Joe Randa
Tennessee
34.1%
Christian Colon
Fullerton
33.3%
Hint
Answer
% Correct
Jason Vargas
Long Beach State
28.1%
John Wathan
San Diego
25.7%
Wally Joyner
BYU
23.7%
David DeJesus
Rutgers
18.9%
Greg Holland
Western Carolina
18.1%
Mike MacDougal
Wake Forest
15.7%
Kevin Appier
Fresno State
11.6%
Mitch Maier
Toledo
7.6%
Mark Teahen
St. Mary's
6.8%
Mike MacFarlane
Santa Clara
6%
Jeff Montgomery
Marshall
3.6%
Kevin Seitzer
Eastern Illinois
2.8%
Dennis Leonard
Iona
1.2%
Quiz Playlist
Details
Report
Send in Message
Add To Playlist
Classic:
Type in answers that appear in a list
Last Updated: Feb 16, 2017
Quiz Scoreboard
CHALLENGE
Sign Up to Join the Scoreboard
Show All
Scores
Hide
Comments
May contain spoilers
Recently Published
TV Characters by Other Roles V
by ghcgh
Television
5m
Decade Duel: World Leaders
by jenniferyan
History
4m
Alphabetical 'K' Countries by Flag Minefield
by ylime102
Geography
3m
More to Explore
Quiz From the Vault
Featured Blog Post
15 Basketball Trivia Facts You Can Be March Mad About
hide this ad
You Might Also Like...
Tags
Mater
Notable
Player
Royal
Today's Top Quizzes in Sports
Browse Sports
hide this ad
Today's Top Quizzes in Notable
Browse Notable
Top Contributed Quizzes in Sports
1
Les joueurs à 100 buts en Ligue 1 Uber Eats
2
2022 World Cup Stars
3
Pick 6: NFL Teams
4
MLB 2 truths and a lie: Hall of Fame pitchers
5
Pick 6: Minor League Baseball
6
Millionaire: NBA Finals Edition
7
Pick 6: Olympics
8
50+ Goals in European Competition
9
Click the 1998 NBA Draft
10
Iconic Moments in Football - Multiple Choice
Explore More
Trending Topics
Kpop
Crossword
Harry Potter
Anime
Disney
NBA
Marvel
Song
WWE
The Office
Pokémon
Soccer
Country
Puzzle
NFL
hide this ad
More By:
RoyalsRetro
Quiz
Plays
Rating
Category
Featured
Created
Kansas City Royals Opening Day Starting Pitchers
10,049
4.74
Sports
Apr 29, 2016
Royals players with 20 home runs in a season
886
3.17
Sports
Jun 3, 2016
Royals first basemen
866
Sports
Feb 16, 2017
Royals in the 2,000 hit club
826
4.50
Sports
May 13, 2016
Single-season home run record for each MLB franchise
782
4.67
Sports
May 17, 2017
Go to Creator's Profile
Score Distribution
Quiz Creator Spotlight
RoyalsRetro
Follow
Send a Message
Quizzes Created
-
Created Quiz Play Count
-
More By This Creator
Popular Quizzes Today
1
Countries of Asia Without Outlines Minefield
2
Find the US States - No Outlines Minefield
3
Pick 6: Fruits
4
The Countries of the World
5
Find the Countries of Europe - No Outlines Minefield
6
Alphabetical 'K' Countries by Flag Minefield
7
US States
8
Find the US States
More Sports Quizzes
2019-2020 NHL season summary
Curator's Pick
Trending Quizzes
Pick 6: Mountains
Pick 6: Harry Potter
Pick 6: NFL Teams
Pick 6: Flags
C Names for Actors
Recently Updated
Adaptations: Name the Title
pecheneg
NWSL Teams
pecheneg
Women's Final Four Teams by Year
bhenderson79
Presidents Quartet II
eogle
Anything But Clue(do)
eogle
Anything But Oceanian Capitals
eogle
Anything But 7
eogle
Anything But Thing
eogle
Word Ladder: February 29
pecheneg
Song Title Questions
pecheneg
Trending Topics
Kpop
NBA
Anime
Disney
Marvel
Harry Potter
Crossword
Country
Puzzle
Pokémon
WWE
The Office
NFL
Song
Soccer
Your Account Isn't Verified!
In order to create a playlist on Sporcle, you need to verify the email address you used during registration. Go to your
Sporcle Settings
to finish the process.
Report this User
Report this user for behavior that violates our
Community Guidelines
.
Details:
Send Report
Go to the Sporcle.com Mobile Site →
Comments